000 00987nam a22003617a 4500
001 BR0603796
003 BR-BrBNA
005 20230928102242.0
007 ta
008 230509b bl.||||| |||| 00| 0 por d
040 _aBR-BrBNA
_bpor
_cBiblioteca Nacional de Agricultura
041 _a(Por)
072 _aJ15
090 _ J15 BR0603796
100 1 _aAzenha, A.C.
100 1 _aFontes, L.F.
100 1 _aDinnouti, L.A.
100 1 _aTuriani, M.S.
100 1 _aMaricondi, P.F.
100 1 _aAraújo, R.M. de
110 1 _aAssociação Nacional de Defesa Vegetal, São Paulo, SP (Brasil)
245 1 _aManual de transporte de produtos fitossanitários
260 3 _aSão Paulo, SP (Brasil):
_c1999.
300 _a28 p.
500 _a22 illus.; 9 ref.
650 _aAGROTÓXICO
650 _aDEFENSIVO
650 _aTRANSPORTE
650 _aPREVENÇÃO DE ACIDENTE
650 _aSUBSTÂNCIA TÓXICA
909 _a202309
_bLucia
_c55
_dLucia Elande
942 _cBK
999 _c69855
_d69855